Rhymes with Peach Quiz Stats

Quiz Updated Oct 21, 2017

Also try: Rhymes with 'Aim'
Challenge
Share
Tweet
Embed
Score 0/14 Timer 02:00
8 Plays Today
% Correct
beach
96.2%
teach
93.6%
reach
91.4%
leech
78.3%
leach
70.2%
bleach
68.3%
breach
68%
% Correct
preach
62.9%
each
59.3%
beech
56.4%
speech
41.3%
screech
31.8%
breech
31.7%
pleach
8.5%

You're not logged in!

Compare scores with friends on all Sporcle quizzes.
Sign Up with Email
OR
Log In

You Might Also Like...

Show Comments

Extras

Top Quizzes Today


Score Distribution

Your Account Isn't Verified!

In order to create a playlist on Sporcle, you need to verify the email address you used during registration. Go to your Sporcle Settings to finish the process.